Länderflaggen als Kreisdiagramm #1 - Statistiken

Allgemein
  • Dieses Quiz wurde 79 mal gespielt
  • Das Durchschnittsergebnis liegt bei 6 aus 20
Antwortstatistiken
Bildquiz Antwort % Korrekt
China
96%
Tschad
65%
Katar
53%
Lettland
53%
Botswana
49%
Marshallinseln
44%
Barbados
31%
Taiwan
29%
Guinea
28%
Senegal
18%
Malediven
16%
Serbien
15%
Honduras
13%
Papua Neuguinea
13%
Panama
10%
Israel
9%
Kanada
7%
Mexiko
6%
Montenegro
3%
Laos
0%
Keine übereinstimmenden Quizze gefunden
Verteilung der Resultate
Anzahl Personen mit jedem Resultat
Perzentil nach korrekt beantworteten Fragen
Ihre Resultats-Entwicklung
Sie haben dieses Quiz noch nicht gespielt